000 01994cam a2200241 i 4500
001 18511076
005 20251224050151.0
008 150302s2015 enk b 001 0 eng
010 _a 2015005785
020 _a9781781689318
035 _a18511076
082 0 0 _a306.3 DOR
100 1 _aDörre, Klaus.
245 1 0 _aSociology - capitalism - critique /
_cKlaus Dörre, Stephan Lessenich, Hartmut Rosa ; translated by Jan-Peter Herrmann and Loren Balhorn.
264 1 _aLondon :
_bVerso,
_c2015.
300 _aix, 342 p. ;
_c21 cm
505 _aIntroduction: Sociology, capitalism, critique towards the revitalisation of an elective affinity Dörre, Rosa, and Lessenich; The new Landnahme: dynamics and limits of financial market capitalism Klaus Dörre; Capitalism as a spiral of dynamisation: sociology as social critique Hartmut Rosa; Mobility and control: on the dialectic of the active society / Stephan Lessenich; Capitalism, acceleration, activation: a criticism Klaus Dörre; Temporary workers and active citizens: what is wrong with late modern capitalism Hartmut Rosa; Artistic or social critique: on the problematisation of a false alternative Stephan Lessenich Landnahme; Social conflict, alternatives: (more than) a riposte Klaus Dörre; Antagonists and critical integrationists: or what do we do with the spoiled pie Hartmut Rosa; The system in/on the subject: or when three people quarrel, (critical) sociology rejoices Stephan Lessenich; Conclusion: Landnahme, acceleration, activation a preliminary appraisal in the process of social transformation [Dörre, Rosa, and Lessenich; Social capitalism in crisis: from the internal to the external Landnahme Klaus Dörre; Escalation: the crisis of dynamic stabilisation and the prospect of resonance Hartmut Rosa; Structural problems of growth capitalism Stephan Lessenich
650 0 _aCapitalism
_xSocial aspects.
650 0 _aSociology.
700 1 _aLessenich, Stephan.
700 1 _aRosa, Hartmut
942 _2ddc
_cBK
999 _c15007
_d15007